[Event "Landesliga Ost MVP 2013-14"]
[Site "?"]
[Date "2013.11.24"]
[Round "3.2"]
[White "Dupke, Andreas"]
[Black "Reinke, Thomas"]
[Result "0-1"]
[WhiteElo "1802"]
[BlackElo "1847"]
[PlyCount "68"]
[EventType "team-tourn"]
[EventRounds "9"]
[EventCountry "GER"]
[WhiteTeam "SV Turbine Neubrandenburg"]
[BlackTeam "SV Motor Wolgast 1949"]
[WhiteTeamCountry "GER"]
[BlackTeamCountry "GER"]

1. e4 e6 2. d4 d5 3. Nd2 dxe4 4. Nxe4 Nd7 5. Nf3 Be7 6. Bd3 Ngf6 7. O-O Nxe4 8.
Bxe4 Nf6 9. Bd3 O-O 10. Ne5 c5 11. Be3 Nd5 12. c4 Nxe3 13. fxe3 cxd4 14. Bxh7+
Kxh7 15. Qh5+ Kg8 16. Nxf7 Rxf7 17. Qxf7+ Kh8 18. exd4 Bf6 19. d5 Qg8 20. Qc7
exd5 21. cxd5 Qxd5 22. Rad1 Qc6 23. Qf4 Be6 24. Rd6 Qc4 25. Qd2 Rc8 26. b3 Qc5+
27. Kh1 Bf5 28. Rd5 Qc2 29. Qe3 Qe4 30. Qd2 Rc2 31. Qxc2 Qxc2 32. Rdxf5 Qxa2
33. g4 Qe2 34. R5f4 Kh7 0-1

[Event "Landesliga Ost MVP 2013-14"]
[Site "?"]
[Date "2013.11.24"]
[Round "3.3"]
[White "Riebort, Frank"]
[Black "Voigt, Michael"]
[Result "1-0"]
[WhiteElo "1932"]
[BlackElo "1720"]
[PlyCount "89"]
[EventType "team-tourn"]
[EventRounds "9"]
[EventCountry "GER"]
[WhiteTeam "SV Motor Wolgast 1949"]
[BlackTeam "SV Turbine Neubrandenburg"]
[WhiteTeamCountry "GER"]
[BlackTeamCountry "GER"]

1. d4 d5 2. c4 e6 3. Nc3 Nf6 4. Bg5 Be7 5. e3 h6 6. Bh4 O-O 7. Nf3 c6 8. Bd3
dxc4 9. Bxc4 b5 10. Bd3 Nbd7 11. O-O Bb7 12. Rc1 Rc8 13. Qe2 Re8 14. Rfd1 Qa5
15. a3 Bd6 16. Ne4 Nxe4 17. Bxe4 f5 18. Bd3 Nf8 19. Bg3 Bxg3 20. hxg3 Nd7 21.
Nd2 Qd8 22. Nb3 Ba8 23. Nc5 Nxc5 24. Rxc5 Qf6 25. Qh5 Rf8 26. Be2 Kh7 27. f4
Rcd8 28. Bf3 Rd6 29. Rdc1 Rfd8 30. g4 fxg4 31. Qxg4 Kh8 32. Bxc6 Bxc6 33. Rxc6
Qf5 34. Qxf5 exf5 35. Rxd6 Rxd6 36. Rc5 a6 37. Rxf5 Rc6 38. Rc5 Re6 39. Kf2 Kg8
40. Rc7 Rd6 41. f5 Rd5 42. Rc5 Rd6 43. Kf3 b4 44. axb4 Rb6 45. b5 1-0

[Event "Landesliga Ost MVP 2013-14"]
[Site "?"]
[Date "2013.11.24"]
[Round "3.4"]
[White "Rosin, Ralf"]
[Black "Zimmermann, Frank"]
[Result "1-0"]
[WhiteElo "1696"]
[BlackElo "1606"]
[PlyCount "92"]
[EventType "team-tourn"]
[EventRounds "9"]
[EventCountry "GER"]
[WhiteTeam "SV Turbine Neubrandenburg"]
[BlackTeam "SV Motor Wolgast 1949"]
[WhiteTeamCountry "GER"]
[BlackTeamCountry "GER"]

1. Nf3 Nf6 2. d4 d5 3. c4 e6 4. Nc3 Be7 5. Bg5 O-O 6. e3 b6 7. cxd5 Nxd5 8.
Bxe7 Qxe7 9. Bd3 Nxc3 10. bxc3 Bb7 11. O-O Nd7 12. Re1 Qa3 13. Qb3 Qxb3 14.
axb3 Bxf3 15. gxf3 a5 16. Ra4 Nf6 17. e4 Rfd8 18. Bb5 Nd7 19. Bc6 Rab8 20. b4
axb4 21. Rxb4 Nf6 22. Ra1 Rd6 23. Rc4 Rdd8 24. Ra7 Kf8 25. Rxc7 Rdc8 26. Bb5
Rxc7 27. Rxc7 Nh5 28. d5 exd5 29. exd5 Nf4 30. d6 Ra8 31. h4 Rb8 32. d7 Rd8 33.
Rb7 Ke7 34. c4 Ne6 35. Rxb6 Nc5 36. Kf1 Nxd7 37. Rb7 Ke6 38. Bxd7+ Rxd7 39.
Rxd7 Kxd7 40. f4 Kd6 41. Ke2 Kc5 42. Kd3 f6 43. h5 f5 44. Kc3 g6 45. h6 Kd6 46.
Kd4 Kc6 1-0

[Event "Landesliga Ost MVP 2013-14"]
[Site "?"]
[Date "2013.11.24"]
[Round "3.5"]
[White "Reimer, Karl"]
[Black "Hollender, Dirk"]
[Result "1-0"]
[WhiteElo "1619"]
[BlackElo "1652"]
[PlyCount "127"]
[EventType "team-tourn"]
[EventRounds "9"]
[EventCountry "GER"]
[WhiteTeam "SV Motor Wolgast 1949"]
[BlackTeam "SV Turbine Neubrandenburg"]
[WhiteTeamCountry "GER"]
[BlackTeamCountry "GER"]

1. c4 Nf6 2. Nc3 g6 3. g3 Bg7 4. Bg2 O-O 5. Nf3 d6 6. d4 c6 7. O-O Nbd7 8. e4
e5 9. dxe5 dxe5 10. Qe2 Qe7 11. Rd1 b6 12. b3 Re8 13. Bb2 Bb7 14. Rd2 Rad8 15.
Rad1 Rf8 16. Bh3 Bh6 17. Rd3 Nc5 18. Rxd8 Rxd8 19. Rxd8+ Qxd8 20. Nxe5 Qe7 21.
Ng4 Bg7 22. Nxf6+ Bxf6 23. Bg2 a5 24. Kf1 Bd4 25. Nd1 Qf6 26. e5 Qd8 27. Qd2
Ne6 28. Bxd4 Qxd4 29. Qxd4 Nxd4 30. Be4 Bc8 31. Ne3 Be6 32. Nc2 Nxc2 33. Bxc2
c5 34. Ke2 f6 35. f4 Kf7 36. Be4 fxe5 37. fxe5 Bg4+ 38. Ke3 h6 39. Kf4 Bh3 40.
g4 Bf1 41. h4 Be2 42. g5 hxg5+ 43. hxg5 Bd1 44. e6+ Kxe6 45. Bxg6 a4 46. bxa4
Bxa4 47. Bf5+ Ke7 48. Ke5 Bd1 49. Kd5 Bf3+ 50. Be4 Be2 51. a3 Bf1 52. Bc2 Bg2+
53. Be4 Bf1 54. Bc2 Bg2+ 55. Ke5 Bf1 56. Bb3 Bg2 57. g6 Bf3 58. g7 Kf7 59. Kd6
Kxg7 60. Kc7 b5 61. cxb5 Be2 62. b6 c4 63. Bxc4 Bxc4 64. b7 1-0

[Event "Landesliga Ost MVP 2013-14"]
[Site "?"]
[Date "2013.11.24"]
[Round "3.6"]
[White "Peters, Hans Joachim"]
[Black "Boesenberg, Heiko"]
[Result "1/2-1/2"]
[WhiteElo "1701"]
[BlackElo "1590"]
[PlyCount "100"]
[EventType "team-tourn"]
[EventRounds "9"]
[EventCountry "GER"]
[WhiteTeam "SV Turbine Neubrandenburg"]
[BlackTeam "SV Motor Wolgast 1949"]
[WhiteTeamCountry "GER"]
[BlackTeamCountry "GER"]

1. e4 e6 2. d4 d5 3. Nc3 Nf6 4. Bg5 Be7 5. e5 Nfd7 6. Bxe7 Qxe7 7. Nf3 a6 8.
Bd3 O-O 9. O-O c5 10. Re1 Nc6 11. dxc5 Nxc5 12. Bf1 b5 13. a3 Bb7 14. Nd4 Nxd4
15. Qxd4 Rac8 16. Bd3 Nxd3 17. Qxd3 Qc5 18. Rad1 b4 19. axb4 Qxb4 20. Ne2 Rc4
21. c3 Qe7 22. Nd4 Rfc8 23. Ra1 Qg5 24. Qe3 Qxe3 25. Rxe3 Kf8 26. Ree1 Ke7 27.
Ra3 R8c7 28. f4 Bc8 29. Ra5 Rb7 30. Re2 Rbc7 31. Kf2 R4c5 32. Rxc5 Rxc5 33. Ke3
f5 34. h3 Bd7 35. Re1 Rc7 36. Ra1 Ra7 37. b4 Rc7 38. Kd2 Bc8 39. g3 Bb7 40. Nb3
Bc8 41. Nc5 Rc6 42. Kd3 h6 43. h4 h5 44. Ra5 Rb6 45. Nb3 Rb5 46. Kd4 Rxa5 47.
Nxa5 Kd7 48. Kc5 Kc7 49. Nc6 Bd7 50. Nd4 Bc8 1/2-1/2

[Event "Landesliga Ost MVP 2013-14"]
[Site "?"]
[Date "2013.11.24"]
[Round "3.7"]
[White "Macherius, Uwe"]
[Black "Schubert, Jens"]
[Result "1/2-1/2"]
[WhiteElo "1595"]
[BlackElo "1582"]
[PlyCount "56"]
[EventType "team-tourn"]
[EventRounds "9"]
[EventCountry "GER"]
[WhiteTeam "SV Motor Wolgast 1949"]
[BlackTeam "SV Turbine Neubrandenburg"]
[WhiteTeamCountry "GER"]
[BlackTeamCountry "GER"]

1. e4 c5 2. Nf3 e6 3. Bc4 d5 4. exd5 exd5 5. Qe2+ Be7 6. Bb5+ Bd7 7. Nc3 Nf6 8.
Bxd7+ Nbxd7 9. d4 O-O 10. O-O Re8 11. Bg5 h6 12. Bh4 g6 13. dxc5 Nxc5 14. Qe5
Nce4 15. Nxe4 Nxe4 16. Bxe7 Rxe7 17. Qd4 Rc8 18. c3 Rc4 19. Qd3 Nc5 20. Qc2
Rce4 21. Rae1 Rxe1 22. Rxe1 Rxe1+ 23. Nxe1 Qb6 24. Nf3 Ne4 25. Nd4 Nf6 26. h3
Qd6 27. a3 a6 28. Qe2 Qf4 1/2-1/2

[Event "Landesliga Ost MVP 2013-14"]
[Site "?"]
[Date "2013.11.24"]
[Round "3.8"]
[White "Hartung, Lothar"]
[Black "Klotzsche, Stefan"]
[Result "0-1"]
[WhiteElo "1798"]
[BlackElo "1626"]
[PlyCount "66"]
[EventType "team-tourn"]
[EventRounds "9"]
[EventCountry "GER"]
[WhiteTeam "SV Turbine Neubrandenburg"]
[BlackTeam "SV Motor Wolgast 1949"]
[WhiteTeamCountry "GER"]
[BlackTeamCountry "GER"]

1. d4 Nf6 2. f4 g6 3. Nf3 Bg7 4. e3 d6 5. Bd3 a6 6. O-O O-O 7. c3 c5 8. Qc2 Nc6
9. f5 b5 10. fxg6 hxg6 11. Ng5 Bd7 12. Ne4 Qb6 13. Nxf6+ exf6 14. Kh1 Rac8 15.
Qf2 Rfe8 16. Nd2 Ne7 17. Ne4 f5 18. Ng3 Be6 19. e4 fxe4 20. Nxe4 cxd4 21. Nf6+
Bxf6 22. Qxf6 Nd5 23. Qg5 Kg7 24. Qh6+ Kg8 25. Bxg6 fxg6 26. Qxg6+ Kh8 27. Bh6
Qc7 28. Rae1 Qd7 29. Re4 Bf5 30. Bg7+ Kg8 31. Rxe8+ Rxe8 32. Qg5 Qxg7 33. Qxf5
Ne3 0-1

[Event "Landesliga Ost MVP 2013-14"]
[Site "?"]
[Date "2013.11.24"]
[Round "3.1"]
[White "Dao Xuan, Duong"]
[Black "Voelsgen, Georg"]
[Result "0-1"]
[WhiteElo "1731"]
[BlackElo "1943"]
[PlyCount "58"]
[EventType "team-tourn"]
[EventRounds "9"]
[EventCountry "GER"]
[WhiteTeam "SG Eintracht Neubrandenburg II"]
[BlackTeam "SV Gryps"]
[WhiteTeamCountry "GER"]
[BlackTeamCountry "GER"]

1. e4 e5 2. Nf3 Nc6 3. Nc3 Nf6 4. d3 d5 5. exd5 Nxd5 6. Bd2 Bc5 7. Ne4 Qe7 8.
c4 Nf4 9. Nxc5 Qxc5 10. Bxf4 exf4 11. d4 Qb4+ 12. Qd2 Bg4 13. O-O-O Bxf3 14.
gxf3 Qxd2+ 15. Rxd2 O-O-O 16. Bh3+ Kb8 17. Rhd1 Rd6 18. Kc2 Rhd8 19. d5 Ne5 20.
Rd4 Rh6 21. Bg4 Rxh2 22. Rxf4 h5 23. Be6 Rxf2+ 24. Kc3 fxe6 25. dxe6 Kc8 26. e7
Re8 27. Rf8 Rxf3+ 28. Rxf3 Nxf3 29. Rf1 Ne5 0-1

[Event "Landesliga Ost MVP 2013-14"]
[Site "?"]
[Date "2013.11.24"]
[Round "3.2"]
[White "Windjaeger, Gerd"]
[Black "Rehbein, Hans Juergen"]
[Result "1-0"]
[WhiteElo "1893"]
[BlackElo "1652"]
[PlyCount "101"]
[EventType "team-tourn"]
[EventRounds "9"]
[EventCountry "GER"]
[WhiteTeam "SV Gryps"]
[BlackTeam "SG Eintracht Neubrandenburg II"]
[WhiteTeamCountry "GER"]
[BlackTeamCountry "GER"]

1. d4 d5 2. Nf3 Nf6 3. e3 g6 4. c4 e6 5. b3 Bb4+ 6. Nbd2 Nbd7 7. Bb2 b6 8. Be2
Bb7 9. O-O O-O 10. a3 Be7 11. b4 c5 12. cxd5 Bxd5 13. dxc5 bxc5 14. b5 Qa5 15.
Qc2 Rac8 16. Nc4 Bxc4 17. Bxc4 Nb6 18. Ne5 Nxc4 19. Qxc4 Qd2 20. Rab1 Qd5 21.
Qh4 Qe4 22. Qh6 Rfd8 23. f3 Qa4 24. Ng4 Ne8 25. Qh3 h5 26. Ne5 Qh4 27. Qxh4
Bxh4 28. Rfd1 Nc7 29. a4 Nd5 30. Nc6 Re8 31. e4 Nb6 32. a5 Nc4 33. Bc3 Na3 34.
Rb3 Nxb5 35. Rxb5 Rxc6 36. Rd7 e5 37. Rbb7 Rf6 38. Rxa7 Ree6 39. Ra8+ Kh7 40.
Rdd8 Kh6 41. Bd2+ Rf4 42. g3 Bxd8 43. Rxd8 g5 44. gxf4 gxf4 45. Rd5 f6 46. Rxc5
Rd6 47. Be1 Kg5 48. h4+ Kg6 49. Rb5 Rd3 50. a6 Ra3 51. Ra5 1-0

[Event "Landesliga Ost MVP 2013-14"]
[Site "?"]
[Date "2013.11.24"]
[Round "3.3"]
[White "Witkowski, Rainer"]
[Black "Mauser, Tassilo Tino"]
[Result "1-0"]
[WhiteElo "1833"]
[BlackElo "1804"]
[PlyCount "57"]
[EventType "team-tourn"]
[EventRounds "9"]
[EventCountry "GER"]
[WhiteTeam "SG Eintracht Neubrandenburg II"]
[BlackTeam "SV Gryps"]
[WhiteTeamCountry "GER"]
[BlackTeamCountry "GER"]

1. e4 c5 2. c3 d5 3. exd5 Qxd5 4. d4 Nf6 5. Nf3 Bg4 6. Be2 Nc6 7. c4 Qf5 8. d5
Nb4 9. O-O O-O-O 10. a3 Bxf3 11. axb4 Bxe2 12. Qxe2 e6 13. dxe6 fxe6 14. Rxa7
Kb8 15. Ra1 cxb4 16. Be3 Bc5 17. Ra5 b6 18. Bxc5 bxc5 19. Nd2 Rd7 20. Rfa1 Rhd8
21. Nb3 Qe4 22. Qf1 Qc2 23. Ra8+ Kc7 24. Rxd8 Rxd8 25. Nxc5 Rd6 26. Na6+ Kc8
27. c5 Rd2 28. Nxb4 Qxc5 29. Rc1 1-0

[Event "Landesliga Ost MVP 2013-14"]
[Site "?"]
[Date "2013.11.24"]
[Round "3.4"]
[White "Hollatz, Michael"]
[Black "Buenz, Heinrich"]
[Result "1-0"]
[WhiteElo "1743"]
[BlackElo "1714"]
[PlyCount "83"]
[EventType "team-tourn"]
[EventRounds "9"]
[EventCountry "GER"]
[WhiteTeam "SV Gryps"]
[BlackTeam "SG Eintracht Neubrandenburg II"]
[WhiteTeamCountry "GER"]
[BlackTeamCountry "GER"]

1. e4 e5 2. Nf3 Nc6 3. Bc4 Nf6 4. d3 Be7 5. c3 O-O 6. b4 d5 7. exd5 Nxd5 8. O-O
Bg4 9. h3 Bh5 10. Re1 Bf6 11. Bb2 Nf4 12. Re3 Bg6 13. Qf1 e4 14. dxe4 Nxb4 15.
e5 Nc2 16. exf6 Qxf6 17. Na3 Nxe3 18. fxe3 Qb6 19. Bc1 Ne6 20. Ne5 Qd6 21. Nxg6
fxg6 22. Qe2 c6 23. Nc2 Kh8 24. Ba3 c5 25. Bxe6 Qxe6 26. Bxc5 Rfe8 27. Bd4 Qe4
28. Rf1 b6 29. Rf7 Rg8 30. Qf2 Qe6 31. Nb4 Qd6 32. Qf3 Raf8 33. Bxg7+ Rxg7 34.
Rxf8+ Rg8 35. Qf6+ Qxf6 36. Rxf6 Kg7 37. Rd6 a5 38. Nd5 b5 39. g4 Re8 40. Rd7+
Kh6 41. Rxh7+ Kg5 42. h4+ 1-0

[Event "Landesliga Ost MVP 2013-14"]
[Site "?"]
[Date "2013.11.24"]
[Round "3.5"]
[White "Stock, Joachim"]
[Black "Giering, Nils"]
[Result "0-1"]
[WhiteElo "1580"]
[BlackElo "1617"]
[PlyCount "58"]
[EventType "team-tourn"]
[EventRounds "9"]
[EventCountry "GER"]
[WhiteTeam "SG Eintracht Neubrandenburg II"]
[BlackTeam "SV Gryps"]
[WhiteTeamCountry "GER"]
[BlackTeamCountry "GER"]

1. e4 e5 2. Nf3 Nc6 3. Nc3 Nf6 4. Bc4 Nxe4 5. Nxe4 d5 6. Bd3 dxe4 7. Bxe4 Bd6
8. d4 O-O 9. Bxc6 bxc6 10. O-O e4 11. Nd2 f5 12. f4 Re8 13. Nc4 Ba6 14. b3 Be7
15. Be3 Bf6 16. Rc1 Qd5 17. Ne5 Bxf1 18. Qxf1 Qe6 19. c4 a5 20. Qd1 Rad8 21.
Qe1 Bxe5 22. fxe5 c5 23. d5 Qxe5 24. Qf2 Rd7 25. Bxc5 e3 26. Qe2 c6 27. dxc6
Rd2 28. Bxe3 Qxe3+ 29. Qxe3 Rxe3 0-1

[Event "Landesliga Ost MVP 2013-14"]
[Site "?"]
[Date "2013.11.24"]
[Round "3.6"]
[White "Sadewasser, Lucie"]
[Black "Sommer, Hans Hermann"]
[Result "1-0"]
[WhiteElo "1431"]
[BlackElo "1663"]
[PlyCount "49"]
[EventType "team-tourn"]
[EventRounds "9"]
[EventCountry "GER"]
[WhiteTeam "SV Gryps"]
[BlackTeam "SG Eintracht Neubrandenburg II"]
[WhiteTeamCountry "GER"]
[BlackTeamCountry "GER"]

1. e4 e5 2. Nf3 Nc6 3. Bc4 Nf6 4. d3 Be7 5. Nc3 d6 6. h3 O-O 7. Bb3 Na5 8. Be3
Nxb3 9. axb3 c5 10. Qd2 Bd7 11. O-O Bc6 12. Ne2 Qc7 13. c4 b5 14. Ra2 b4 15.
Ng3 Bd7 16. Rfa1 Ne8 17. Nh2 f5 18. f4 Bh4 19. Nhf1 fxe4 20. Nxe4 Bc6 21. fxe5
Bxe4 22. dxe4 Be7 23. Qd5+ Kh8 24. Qxa8 Nf6 25. Qxa7 1-0

[Event "Landesliga Ost MVP 2013-14"]
[Site "?"]
[Date "2013.11.24"]
[Round "3.7"]
[White "Friedrich, Joerg"]
[Black "Mielke, Sven"]
[Result "0-1"]
[WhiteElo "1648"]
[BlackElo "1812"]
[PlyCount "50"]
[EventType "team-tourn"]
[EventRounds "9"]
[EventCountry "GER"]
[WhiteTeam "SG Eintracht Neubrandenburg II"]
[BlackTeam "SV Gryps"]
[WhiteTeamCountry "GER"]
[BlackTeamCountry "GER"]

1. d4 d5 2. e4 dxe4 3. f3 exf3 4. Nxf3 Nf6 5. Bc4 e6 6. O-O Be7 7. Nc3 O-O 8.
Bg5 Nbd7 9. Qd3 Nb6 10. Bb3 a5 11. a4 c6 12. Ne2 c5 13. c4 cxd4 14. Bc2 Nbd7
15. Bxf6 Nxf6 16. Ng5 g6 17. Ne4 Nxe4 18. Qxe4 f5 19. Qf3 e5 20. Qd5+ Qxd5 21.
cxd5 Bd6 22. g4 Bd7 23. gxf5 gxf5 24. Ng3 e4 25. Bxe4 Bxg3 0-1

[Event "Landesliga Ost MVP 2013-14"]
[Site "?"]
[Date "2013.11.24"]
[Round "3.8"]
[White "Springer, Guido"]
[Black "Hoerhold, Martin"]
[Result "1-0"]
[WhiteElo "1762"]
[BlackElo "1538"]
[PlyCount "61"]
[EventType "team-tourn"]
[EventRounds "9"]
[EventCountry "GER"]
[WhiteTeam "SV Gryps"]
[BlackTeam "SG Eintracht Neubrandenburg II"]
[WhiteTeamCountry "GER"]
[BlackTeamCountry "GER"]

1. e4 d6 2. d4 Nf6 3. Nc3 g6 4. f4 Bg7 5. Nf3 c6 6. Bd3 Qc7 7. O-O Bg4 8. e5
Nd5 9. Ne4 Nd7 10. Neg5 c5 11. Nxf7 O-O 12. h3 Bxf3 13. Qxf3 N5b6 14. Ng5 Qc6
15. d5 Qxd5 16. Be4 Qc4 17. Bd3 Qa4 18. Ne6 Rf7 19. Qg3 dxe5 20. Nxg7 Kxg7 21.
f5 e4 22. b3 Qc6 23. Bb2+ Kg8 24. fxg6 hxg6 25. Rxf7 Kxf7 26. Qf4+ Nf6 27. Bxf6
Qxf6 28. Rf1 Qxf4 29. Rxf4+ Kg7 30. Bxe4 Rd8 31. Bxb7 1-0

[Event "Landesliga Ost MVP 2013-14"]
[Site "?"]
[Date "2013.11.24"]
[Round "3.1"]
[White "Stork, Michael"]
[Black "Pruesse, Horst"]
[Result "1-0"]
[WhiteElo "2009"]
[BlackElo "1947"]
[PlyCount "75"]
[EventType "team-tourn"]
[EventRounds "9"]
[EventCountry "GER"]
[WhiteTeam "ESV Waren"]
[BlackTeam "SG Eintracht Neubrandenburg"]
[WhiteTeamCountry "GER"]
[BlackTeamCountry "GER"]

1. Nf3 c5 2. c4 Nf6 3. Nc3 g6 4. e4 Bg7 5. d4 cxd4 6. Nxd4 Nc6 7. Be3 Ng4 8.
Qxg4 Nxd4 9. Qd1 Nc6 10. Qd2 d6 11. Be2 Be6 12. O-O O-O 13. Rac1 Rc8 14. b3 Qa5
15. f4 f5 16. Bf3 Kh8 17. Rfd1 Rcd8 18. Nd5 Qxd2 19. Rxd2 fxe4 20. Bxe4 Bf5 21.
Bxf5 Rxf5 22. g3 e5 23. Rcd1 exf4 24. Bxf4 Be5 25. Kg2 g5 26. Ne3 Bxf4 27. Nxf5
Bxd2 28. Rxd2 Re8 29. Nxd6 Re7 30. Nf5 Rc7 31. Re2 Kg8 32. Kf3 h5 33. Kg2 Kf7
34. Nd6+ Kf8 35. Rf2+ Ke7 36. Ne4 g4 37. Nf6 Ne5 38. Nd5+ 1-0

[Event "Landesliga Ost MVP 2013-14"]
[Site "?"]
[Date "2013.11.24"]
[Round "3.2"]
[White "Rossmann, Andreas"]
[Black "Schumacher, Albrecht"]
[Result "0-1"]
[WhiteElo "1977"]
[BlackElo "1925"]
[PlyCount "88"]
[EventType "team-tourn"]
[EventRounds "9"]
[EventCountry "GER"]
[WhiteTeam "SG Eintracht Neubrandenburg"]
[BlackTeam "ESV Waren"]
[WhiteTeamCountry "GER"]
[BlackTeamCountry "GER"]

1. Nf3 Nf6 2. g3 e6 3. Bg2 b6 4. Ne5 d5 5. d4 Be7 6. Nd2 O-O 7. O-O c5 8. c3
Bb7 9. Re1 Nbd7 10. Ndf3 Rc8 11. Bg5 h6 12. Nxd7 Qxd7 13. Ne5 Qb5 14. Bxf6 Bxf6
15. a4 Qxb2 16. Nd7 Qxc3 17. Nxf8 Kxf8 18. Rc1 Qxd4 19. Qc2 Kg8 20. e4 dxe4 21.
Bxe4 Bxe4 22. Rxe4 Qb2 23. Qc4 Rd8 24. Re2 Qd4 25. Rec2 Qxc4 26. Rxc4 Bd4 27.
Kf1 Kf8 28. Ke2 Ke8 29. f3 Kd7 30. R4c2 Kc6 31. Rb1 Rd5 32. f4 a6 33. Ra2 c4
34. Rc2 b5 35. Ra2 Rd7 36. axb5+ axb5 37. Ra8 Rb7 38. Rc8+ Kd5 39. Rd8+ Ke4 40.
Rc8 Rb6 41. Rb4 Ra6 42. Rxb5 Ra2+ 43. Kd1 Kd3 44. Kc1 Rxh2 0-1

[Event "Landesliga Ost MVP 2013-14"]
[Site "?"]
[Date "2013.11.24"]
[Round "3.3"]
[White "Wittig, Harry"]
[Black "Stoevesand, Eric"]
[Result "1/2-1/2"]
[WhiteElo "1867"]
[BlackElo "1929"]
[PlyCount "127"]
[EventType "team-tourn"]
[EventRounds "9"]
[EventCountry "GER"]
[WhiteTeam "SG Eintracht Neubrandenburg"]
[BlackTeam "ESV Waren"]
[WhiteTeamCountry "GER"]
[BlackTeamCountry "GER"]

1. d4 d5 2. Nf3 e6 3. e3 Nf6 4. Bd3 Nbd7 5. Nbd2 Be7 6. O-O b6 7. Qe2 Bb7 8. e4
dxe4 9. Nxe4 O-O 10. Rd1 Qc8 11. Bg5 h6 12. Bh4 Nd5 13. Bxe7 Nxe7 14. c4 Ng6
15. Bc2 Nf6 16. Nxf6+ gxf6 17. Rd2 Re8 18. Qe3 Kg7 19. Rad1 c6 20. h4 Qc7 21.
g3 c5 22. Be4 cxd4 23. Rxd4 Bxe4 24. Qxe4 Rad8 25. h5 Ne7 26. Qg4+ Kh7 27. Qe4+
Kg7 28. Qg4+ Kh7 29. Rxd8 Rxd8 30. Rxd8 Qxd8 31. Qd4 Qxd4 32. Nxd4 a6 33. b4 e5
34. Nc2 Kg7 35. a4 Kf8 36. Kf1 Ke8 37. Ke2 Kd7 38. g4 Kc6 39. Kd3 a5 40. Kc3
axb4+ 41. Kxb4 f5 42. g5 hxg5 43. h6 f4 44. h7 Ng6 45. Kc3 f5 46. Nb4+ Kc5 47.
Nd3+ Kd6 48. c5+ bxc5 49. a5 g4 50. a6 Kc7 51. Nxe5 Nh8 52. Kc4 Kb6 53. Kd5
Kxa6 54. Kxc5 g3 55. fxg3 fxg3 56. Kd5 Kb7 57. Kd4 Kc7 58. Ke3 Kd6 59. Kf4 Ke6
60. Nf3 g2 61. Kg3 Kf6 62. Kxg2 Kg7 63. Nd4 Kxh7 64. Nxf5 1/2-1/2

[Event "Landesliga Ost MVP 2013-14"]
[Site "?"]
[Date "2013.11.24"]
[Round "3.4"]
[White "Baier, Karsten"]
[Black "Schreiner, Wolfgang"]
[Result "0-1"]
[WhiteElo "1894"]
[BlackElo "1789"]
[PlyCount "84"]
[EventType "team-tourn"]
[EventRounds "9"]
[EventCountry "GER"]
[WhiteTeam "SG Eintracht Neubrandenburg"]
[BlackTeam "ESV Waren"]
[WhiteTeamCountry "GER"]
[BlackTeamCountry "GER"]

1. d4 Nf6 2. c4 e6 3. Nf3 Bb4+ 4. Bd2 a5 5. Nc3 Bxc3 6. Bxc3 Ne4 7. Rc1 b6 8.
g3 Bb7 9. Bg2 O-O 10. O-O d6 11. Nd2 Nxc3 12. Rxc3 Bxg2 13. Kxg2 f5 14. f4 Nd7
15. e4 Qf6 16. e5 dxe5 17. fxe5 Qg6 18. Rcf3 Rad8 19. Rf4 Qh6 20. Rh4 Qg6 21.
Qe2 Rfe8 22. Qe3 Nf8 23. Rhf4 Qh6 24. Qc3 g5 25. R4f2 g4 26. Rd1 Ng6 27. Kg1
Rd7 28. b3 Qg5 29. Nf1 Nxe5 30. Qe3 Qxe3 31. Nxe3 Nf3+ 32. Kg2 Rxd4 33. Rxd4
Nxd4 34. Rd2 c5 35. h3 h5 36. hxg4 hxg4 37. Rd1 Kg7 38. Re1 Rd8 39. Kf2 Kf6 40.
Rh1 Nf3 41. Rh6+ Ke5 42. Nf1 Rd1 0-1

[Event "Landesliga Ost MVP 2013-14"]
[Site "?"]
[Date "2013.11.24"]
[Round "3.5"]
[White "Dohnow, Thomas"]
[Black "Kunow, Frank"]
[Result "1-0"]
[WhiteElo "1726"]
[BlackElo "1793"]
[PlyCount "57"]
[EventType "team-tourn"]
[EventRounds "9"]
[EventCountry "GER"]
[WhiteTeam "ESV Waren"]
[BlackTeam "SG Eintracht Neubrandenburg"]
[WhiteTeamCountry "GER"]
[BlackTeamCountry "GER"]

1. c4 g6 2. d4 Bg7 3. e4 d6 4. f4 Nh6 5. Nc3 O-O 6. Be2 f5 7. Nf3 fxe4 8. Nxe4
Nf5 9. g4 Nh6 10. h3 e6 11. Be3 d5 12. Nc3 c6 13. Qd2 Nf7 14. O-O-O a6 15. h4
b5 16. c5 b4 17. Na4 e5 18. Nxe5 Nxe5 19. fxe5 Qa5 20. b3 Be6 21. h5 Bf7 22.
hxg6 Bxg6 23. Bd3 Qd8 24. Bxg6 hxg6 25. Bh6 Qe7 26. Bxg7 Qxg7 27. Rh2 Ra7 28.
Rh6 Raf7 29. Qg5 1-0

[Event "Landesliga Ost MVP 2013-14"]
[Site "?"]
[Date "2013.11.24"]
[Round "3.6"]
[White "Meyer, Detlef"]
[Black "Lotz, Robert"]
[Result "1-0"]
[WhiteElo "1827"]
[BlackElo "1736"]
[PlyCount "89"]
[EventType "team-tourn"]
[EventRounds "9"]
[EventCountry "GER"]
[WhiteTeam "SG Eintracht Neubrandenburg"]
[BlackTeam "ESV Waren"]
[WhiteTeamCountry "GER"]
[BlackTeamCountry "GER"]

1. e4 c5 2. Nc3 Nc6 3. Bc4 g6 4. Nf3 d6 5. d4 cxd4 6. Nxd4 Bg7 7. Be3 Nf6 8. f3
O-O 9. O-O a6 10. a4 Bd7 11. Qd2 Qc7 12. Ba2 Rac8 13. Nxc6 Bxc6 14. Bb3 Nd7 15.
Qf2 b5 16. axb5 axb5 17. Ra7 Qd8 18. Rfa1 b4 19. Na4 Bxa4 20. Bxa4 Nc5 21. Ra2
Rc7 22. Bb3 Qd7 23. Rxc7 Qxc7 24. Qd2 Rb8 25. Qd5 e6 26. Qc4 Qb6 27. Kf2 Be5
28. g3 g5 29. Ke2 h6 30. f4 Bf6 31. f5 Be7 32. fxe6 f6 33. Qd5 Kg7 34. Bc4 Qc7
35. Kf3 b3 36. cxb3 Rc8 37. Kg4 Qd8 38. Ra7 Qe8 39. Kf3 Qh5+ 40. Kg2 Qe8 41.
Qxd6 Kf8 42. Qd5 Qg6 43. Bxc5 Rxc5 44. Ra8+ Kg7 45. Qb7 1-0

[Event "Landesliga Ost MVP 2013-14"]
[Site "?"]
[Date "2013.11.24"]
[Round "3.7"]
[White "Mayerhoff, Lothar"]
[Black "Stoevesand, Peter"]
[Result "0-1"]
[WhiteElo "1570"]
[BlackElo "1831"]
[PlyCount "76"]
[EventType "team-tourn"]
[EventRounds "9"]
[EventCountry "GER"]
[WhiteTeam "ESV Waren"]
[BlackTeam "SG Eintracht Neubrandenburg"]
[WhiteTeamCountry "GER"]
[BlackTeamCountry "GER"]

1. d4 d5 2. Nf3 Nf6 3. e3 e6 4. c4 Nbd7 5. Nc3 b6 6. cxd5 exd5 7. Bd3 Bb7 8.
O-O Be7 9. Qe2 O-O 10. Ne5 c5 11. f4 Ne4 12. Rf3 f5 13. Bb5 Ndf6 14. Ba6 Qc8
15. Bxb7 Qxb7 16. Bd2 Rac8 17. Be1 g6 18. h3 Bd6 19. Rf1 a6 20. g4 Rc7 21. g5
Nxc3 22. Bxc3 Ne4 23. Qd3 c4 24. Qd1 b5 25. Ba5 Re7 26. Qe1 b4 27. a3 b3 28.
Bb4 Qb6 29. Bxd6 Qxd6 30. Qb4 Ra8 31. Kg2 a5 32. Qxd6 Nxd6 33. Kf3 Ne4 34. Rfd1
Rc7 35. Rac1 Rac8 36. Kg2 a4 37. Kg1 c3 38. Nd3 Rc4 0-1